[Event "AUT-chT2W 2223"]
[Site "Austria"]
[Date "2022.09.25"]
[Round "3.2"]
[White "Lanka, Zigurds"]
[Black "Fedorovsky, Michael"]
[Result "1/2-1/2"]
[WhiteElo "2380"]
[BlackElo "2412"]
[PlyCount "63"]
[EventDate "2022.09.23"]
[EventType "team-tourn"]
[EventRounds "11"]
[EventCountry "AUT"]
[SourceTitle "CBM 210 Extra"]
[Source "ChessBase"]
[SourceDate "2022.11.30"]
[SourceVersion "1"]
[SourceVersionDate "2022.11.30"]
[SourceQuality "1"]
[WhiteTeam "Mayrhofen/Zillertal"]
[BlackTeam "Jenbach II"]
[WhiteTeamCountry "AUT"]
[BlackTeamCountry "AUT"]

1. e4 c5 2. Nf3 Nc6 3. d4 cxd4 4. Nxd4 Nf6 5. Nc3 e5 6. Ndb5 d6 7. Bg5 a6 8. Na3 b5 9. Nd5 Be7 10. Bxf6 Bxf6 11. c3 Rb8 12. Nc2 Bg5 13. Qd3 0-0 14. Be2 Be6 15. Rd1 g6 16. 0-0 Kg7 17. Ncb4 Nxb4 18. Nxb4 Rb6 19. Nd5 Rc6 20. Ra1 Rc5 21. b4 Rc4 22. a4 Bxd5 23. Qxd5 Rxc3 24. axb5 axb5 25. Ra5 Rc2 26. Bf3 Qc7 27. Rxb5 Rb8 28. Rxb8 Qxb8 29. Qb3 Rd2 30. Rd1 Qb5 31. Qc3 Rxd1+ 32. Bxd1 1/2-1/2

[Event "Bundesliga 2122"]
[Site "Germany"]
[Date "2022.07.10"]
[Round "15.8"]
[White "Meskovs, Nikita"]
[Black "Fedorovsky, Michael"]
[Result "1-0"]
[WhiteElo "2561"]
[BlackElo "2397"]
[PlyCount "71"]
[EventDate "2022.03.05"]
[EventType "team-tourn"]
[EventRounds "15"]
[EventCountry "GER"]
[SourceTitle "CBM 209 Extra"]
[Source "ChessBase"]
[SourceDate "2022.09.30"]
[SourceVersion "1"]
[SourceVersionDate "2022.09.30"]
[SourceQuality "1"]
[WhiteTeam "Kiel Turm"]
[BlackTeam "Bayern Muenchen"]
[WhiteTeamCountry "GER"]
[BlackTeamCountry "GER"]

1. d4 Nf6 2. Nf3 d5 3. c4 e6 4. g3 Be7 5. Bg2 0-0 6. 0-0 c6 7. Nc3 Nbd7 8. Bf4 dxc4 9. e4 Re8 10. a4 a5 11. Qe2 b6 12. Rfd1 Ba6 13. Nd2 Bf8 14. Nxc4 Nd5 15. Bd2 e5 16. exd5 exd4 17. Qf1 dxc3 18. Bxc3 cxd5 19. Bxd5 Rc8 20. b3 Qc7 21. Qh3 Nc5 22. Qf5 Rcd8 23. Be5 Rxd5 24. Rxd5 Qc6 25. Rad1 Bb7 26. f3 Nxb3 27. Nd6 Bxd6 28. Rxd6 Qc5+ 29. Kg2 Bc6 30. Rd8 Bxa4 31. Qg4 Qxe5 32. Qxa4 Qe2+ 33. Kh3 Qe6+ 34. g4 Kf8 35. Rxe8+ Qxe8 36. Qxb3 1-0

[Event "AUT-chT2W 2122"]
[Site "Austria"]
[Date "2022.02.20"]
[Round "5.1"]
[White "Mundorf, Johannes"]
[Black "Fedorovsky, Michael"]
[Result "1/2-1/2"]
[WhiteElo "2255"]
[BlackElo "2402"]
[PlyCount "79"]
[EventDate "2021.10.15"]
[EventType "team-tourn"]
[EventRounds "11"]
[EventCountry "AUT"]
[SourceTitle "EXT 2023"]
[Source "ChessBase"]
[SourceDate "2022.10.05"]
[SourceVersion "1"]
[SourceVersionDate "2022.10.05"]
[SourceQuality "1"]
[WhiteTeam "Hohenems II"]
[BlackTeam "Jenbach II"]
[WhiteTeamCountry "AUT"]
[BlackTeamCountry "AUT"]

1. Nf3 d5 2. g3 Nf6 3. Bg2 c5 4. 0-0 e6 5. c4 d4 6. e3 Nc6 7. exd4 cxd4 8. d3 Bd6 9. a3 a5 10. Bg5 h6 11. Bxf6 Qxf6 12. Nbd2 0-0 13. Ne4 Qd8 14. Qa4 e5 15. Nfd2 Be7 16. b4 f5 17. Nc5 Qc7 18. Ncb3 Be6 19. b5 Nb8 20. c5 Nd7 21. Rac1 Bxc5 22. b6 Qxb6 23. Nc4 Qa7 24. Nxe5 b5 25. Qxa5 Qxa5 26. Nxa5 Rxa5 27. Nxd7 Bxd7 28. Rxc5 Rxa3 29. Rd5 Bc6 30. Rxd4 Bxg2 31. Kxg2 Ra7 32. Rb1 Rb7 33. Rbb4 Rfb8 34. Rd5 g6 35. h4 h5 36. Kf3 Rb6 37. Kf4 Kg7 38. Kg5 R8b7 39. Re5 Kf7 40. Rc5 1/2-1/2

[Event "Innsbruck op 5th"]
[Site "Innsbruck"]
[Date "2021.08.25"]
[Round "6"]
[White "Iberl, Michael"]
[Black "Fedorovsky, Michael"]
[Result "0-1"]
[WhiteElo "2195"]
[BlackElo "2415"]
[PlyCount "62"]
[EventDate "2021.08.21"]
[EventType "swiss"]
[EventRounds "9"]
[EventCountry "AUT"]
[SourceTitle "CBM 204 Extra"]
[Source "ChessBase"]
[SourceDate "2021.11.30"]
[SourceVersion "1"]
[SourceVersionDate "2021.11.30"]
[SourceQuality "1"]

1. d4 Nf6 2. c4 e6 3. Nf3 b6 4. g3 Ba6 5. Qc2 c5 6. Bg2 Bb7 7. dxc5 Bxc5 8. Nc3 Nc6 9. 0-0 0-0 10. Bg5 h6 11. Bxf6 Qxf6 12. Ne4 Qe7 13. Rad1 Rfd8 14. a3 a5 15. Rd2 Rac8 16. Rfd1 Nb8 17. Nd6 Bxd6 18. Rxd6 Bd5 19. R6xd5 exd5 20. Rxd5 Rc5 21. Nd4 Rdc8 22. b3 a4 23. Nf5 Qf6 24. Rxc5 Rxc5 25. Bd5 axb3 26. Qe4 Kf8 27. Nd4 b2 28. e3 b5 29. Nxb5 Qg6 30. Qxg6 fxg6 31. Nc3 Nc6 0-1

[Event "Bundesliga 1920 final"]
[Site "Karlsruhe"]
[Date "2020.09.17"]
[Round "2.4"]
[White "Adams, Michael"]
[Black "Fedorovsky, Michael"]
[Result "1-0"]
[WhiteElo "2706"]
[BlackElo "2422"]
[PlyCount "59"]
[EventDate "2020.09.16"]
[EventType "team-tourn"]
[EventRounds "7"]
[EventCountry "GER"]
[SourceTitle "CBM 198 Extra"]
[Source "ChessBase"]
[SourceDate "2020.11.30"]
[SourceVersion "1"]
[SourceVersionDate "2020.11.30"]
[SourceQuality "1"]
[WhiteTeam "Baden-Baden"]
[BlackTeam "Bayern Muenchen"]
[WhiteTeamCountry "GER"]
[BlackTeamCountry "GER"]

1. e4 c5 2. Nf3 Nc6 3. Bb5 g6 4. 0-0 Bg7 5. c3 Nf6 6. Re1 0-0 7. d4 d5 8. e5 Ne4 9. Be3 cxd4 10. cxd4 f6 11. Nc3 Nxc3 12. bxc3 Bg4 13. exf6 Bxf6 14. Be2 Qd6 15. h3 Bf5 16. Qd2 Rad8 17. Rad1 a6 18. Bf4 Qa3 19. h4 Rfe8 20. h5 e5 21. dxe5 Nxe5 22. Nxe5 Bxe5 23. Bxe5 Rxe5 24. Bf3 Qd6 25. Rxe5 Qxe5 26. Bxd5+ Kh8 27. h6 Be4 28. c4 b5 29. Qe2 bxc4 30. Bxe4 1-0

[Event "Bundesliga 1920 final"]
[Site "Karlsruhe"]
[Date "2020.09.17"]
[Round "3.6"]
[White "Fedorovsky, Michael"]
[Black "Kollars, Dmitrij"]
[Result "1/2-1/2"]
[WhiteElo "2422"]
[BlackElo "2585"]
[PlyCount "81"]
[EventDate "2020.09.16"]
[EventType "team-tourn"]
[EventRounds "7"]
[EventCountry "GER"]
[SourceTitle "CBM 198 Extra"]
[Source "ChessBase"]
[SourceDate "2020.11.30"]
[SourceVersion "1"]
[SourceVersionDate "2020.11.30"]
[SourceQuality "1"]
[WhiteTeam "Bayern Muenchen"]
[BlackTeam "Deizisau"]
[WhiteTeamCountry "GER"]
[BlackTeamCountry "GER"]

1. d4 Nf6 2. c4 e6 3. Nc3 Bb4 4. e3 0-0 5. Nge2 Re8 6. a3 Bf8 7. Nf4 d6 8. Be2 Nbd7 9. 0-0 e5 10. Nfd5 c6 11. Nxf6+ Nxf6 12. b4 g6 13. Bb2 Bg7 14. d5 Bf5 15. Qd2 Qe7 16. dxc6 bxc6 17. b5 cxb5 18. cxb5 Rad8 19. Nd5 Nxd5 20. Qxd5 Be6 21. Qd2 d5 22. a4 d4 23. exd4 exd4 24. Bd3 Bd5 25. Rfe1 Qd7 26. h3 Bb7 27. Qg5 Ba8 28. Rac1 h6 29. Rxe8+ Rxe8 30. Qc5 Kh7 31. Bf1 Rd8 32. Qc7 d3 33. Qxd7 Rxd7 34. Bxg7 Kxg7 35. Rd1 d2 36. f3 Rd4 37. Kf2 Bd5 38. Ke3 Rxa4 39. Rxd2 Be6 40. Rd4 Ra3+ 41. Kf2 1/2-1/2

[Event "Vienna op"]
[Site "Vienna"]
[Date "2019.08.24"]
[Round "9"]
[White "Fedorovsky, Michael"]
[Black "Kummer, Helmut"]
[Result "1/2-1/2"]
[WhiteElo "2441"]
[BlackElo "2285"]
[PlyCount "86"]
[EventDate "2019.08.17"]
[EventType "swiss"]
[EventRounds "9"]
[EventCountry "AUT"]
[SourceTitle "EXT 2020"]
[Source "ChessBase"]
[SourceDate "2019.10.17"]
[SourceVersion "1"]
[SourceVersionDate "2019.10.17"]
[SourceQuality "1"]

1. d4 Nf6 2. Nf3 g6 3. g3 c5 4. c3 b6 5. Bg2 Bb7 6. Qb3 e6 7. 0-0 Na6 8. Bf4 Bg7 9. Na3 0-0 10. Nb5 d5 11. Rfd1 Bc6 12. Ne5 Bb7 13. Qa3 Nh5 14. Be3 Nc7 15. Nxc7 Qxc7 16. f4 c4 17. Rf1 f6 18. Nf3 f5 19. Qa4 Bc6 20. Qc2 b5 21. Ne5 a5 22. b3 Rfb8 23. bxc4 bxc4 24. Rab1 Be8 25. Rxb8 Rxb8 26. Rb1 Nf6 27. Rb2 Bf8 28. Qb1 Rxb2 29. Qxb2 a4 30. Bd2 Bd6 31. Bf3 a3 32. Qb1 Qb8 33. Qxb8 Bxb8 34. Bc1 Bd6 35. Kf1 Ba4 36. Ke1 Kf8 37. h3 Ke8 38. Kd2 Bf8 39. g4 Nd7 40. Nxd7 Kxd7 41. g5 Kc6 42. e3 Kb5 43. Bd1 Bxd1 1/2-1/2

[Event "Vienna op"]
[Site "Vienna"]
[Date "2019.08.20"]
[Round "5"]
[White "Fedorovsky, Michael"]
[Black "Kaasen, Tor Fredrik"]
[Result "1-0"]
[WhiteElo "2441"]
[BlackElo "2373"]
[PlyCount "79"]
[EventDate "2019.08.17"]
[EventType "swiss"]
[EventRounds "9"]
[EventCountry "AUT"]
[SourceTitle "EXT 2020"]
[Source "ChessBase"]
[SourceDate "2019.10.17"]
[SourceVersion "1"]
[SourceVersionDate "2019.10.17"]
[SourceQuality "1"]

1. d4 Nf6 2. c4 e6 3. Nf3 d5 4. g3 Bb4+ 5. Bd2 Be7 6. Bg2 0-0 7. 0-0 Nbd7 8. Qc2 c6 9. Rd1 b6 10. Bf4 Ba6 11. Ne5 Rc8 12. cxd5 cxd5 13. Nc6 Qe8 14. Nxe7+ Qxe7 15. Nc3 b5 16. Qd3 Nb6 17. b3 b4 18. Nxd5 exd5 19. Qxa6 Rc2 20. Bf3 Ne4 21. a3 bxa3 22. Qxa3 Qxa3 23. Rxa3 Nc3 24. Rda1 Nb5 25. R3a2 Rxa2 26. Rxa2 Nxd4 27. Rxa7 Nxf3+ 28. exf3 d4 29. Rb7 Nd5 30. Be5 d3 31. Rd7 f6 32. Rxd5 fxe5 33. Rxd3 Kf7 34. b4 Ke6 35. Kf1 Rb8 36. Rb3 Kd5 37. Ke2 Kc4 38. Rb1 Rxb4 39. Rxb4+ Kxb4 40. Kd3 1-0